000 00845nam a2200205Ia 4500
999 _c36213
_d36213
001 2116
003 GE_BSU
005 20190523150925.0
008 181216s2011||||ge |||||||||||||| ||geo||
040 _cGE_BSU
041 _ageo
080 _a94(479.22) ს–96
100 _aსურმანიძე, რამაზ
_91529
245 _cრამაზ სურმანიძე ; რედ. თ.ავალიანი.
_aავალის შთამომავალნი :
_bავალიან–ავალიშვილთა გვარის ისტორია /
264 _aთბილისი :
_bშპს "კვარი",
_c2011.
300 _a404 გვ.;
_b22 სმ.
653 _aისტორია
700 _aავალიანი, თ.
_eრედაქტორი
_91530
942 _cBK
_2udc